ՀՀ Գիտությունների ազգային ակադեմիայի հիմնարար գիտական գրադարան  =   Fundamental Scientific Library of NAS RA

Механизация сельскохозяйственная производства / (Record no. 237558)

MARC details
000 -LEADER
fixed length control field 00867nam a2200217 a 4500
001 - CONTROL NUMBER
control field 000655373
003 - CONTROL NUMBER IDENTIFIER
control field AM-YeHGA
005 - DATE AND TIME OF LATEST TRANSACTION
control field 20250617141359.0
008 - FIXED-LENGTH DATA ELEMENTS--GENERAL INFORMATION
fixed length control field 090504s1969 ai | |||||||||||||rus|d
040 ## - CATALOGING SOURCE
Original cataloging agency AM-YeHGA
041 0# - LANGUAGE CODE
Language code of text/sound track or separate title rus
090 ## - LOCALLY ASSIGNED LC-TYPE CALL NUMBER (OCLC); LOCAL CALL NUMBER (RLIN)
-- 239129
245 00 - TITLE STATEMENT
Title Механизация сельскохозяйственная производства /
Statement of responsibility, etc. Ред. В. Мусатов.
260 ## - PUBLICATION, DISTRIBUTION, ETC.
Place of publication, distribution, etc. М :
Name of publisher, distributor, etc. Московский рабочий,
Date of publication, distribution, etc. 1969.
300 ## - PHYSICAL DESCRIPTION
Extent Ч . ;
Dimensions 26 см.
440 #0 - SERIES STATEMENT/ADDED ENTRY--TITLE
Title Молодые ученые-производству
505 10 - FORMATTED CONTENTS NOTE
Miscellaneous information Ч. 1 (1969, 120 с., табл., рис.)
-- Ч. 2 (1969, 96 с., табл., рис.)
650 14 - SUBJECT ADDED ENTRY--TOPICAL TERM
Topical term or geographic name entry element Механизация сельского хозяйства
650 14 - SUBJECT ADDED ENTRY--TOPICAL TERM
Topical term or geographic name entry element Сельскохозяйственные машины и орудия
700 1# - ADDED ENTRY--PERSONAL NAME
Personal name Мусатов, В.
Relator term ред.
Relationship edt
Holdings
Withdrawn status Lost status Damaged status Not for loan Collection Home library Current library Date acquired Serial enumeration / chronology Total checkouts Full call number Barcode Date last seen Price effective from Koha item type Public note
        General Fundamental Scientific Library Fundamental Scientific Library 29/12/2016 Ч. 1   PIII/30026 FL0363814 29/12/2016 29/12/2016 Գրքեր / Books 30 Days Loan
        General Fundamental Scientific Library Fundamental Scientific Library 29/12/2016 Ч. 2   PIII/30027 FL0363815 29/12/2016 29/12/2016 Գրքեր / Books 30 Days Loan


ՀՀ ԳԱԱ հիմնարար գիտական գրադարան
ՀՀ,Երևան 0019
Մարշալ Բաղրամյան 24/6
հեռախոս:(374-10) 52-47-50
Հետադարձ կապ

All site content, except where otherwise noted, is licensed under a
Creative Commons License